000 00939cam a2200253 4500
001 agr68000035
003 DLC
005 20260227111028.0
008 700727s1967 dcua 000 0 eng c
010 _aagr68000035
040 _aU.S. Nat'l Agr. Libr.
_cDLC
_dDLC
050 1 0 _aTX7.U6 no. 137
070 0 _a1 Ag84Hg no. 137
110 1 _aUnited States.
_bEntomology Research Division.
245 1 0 _aControlling chiggers.
260 _a[Washington,
_bU.S. Govt. Print. Off.,
_c1967]
300 _a12 p.
_billus.
_c24 cm.
490 1 _aUnited States. Dept. of Agriculture. Home and garden bulletin
_vno. 137
500 _aSupersedes its Chiggers; how to fight them, issued as U.S. Dept. of Agriculture. Leaflet no. 403.
650 0 _aChiggers (Mites)
_xControl.
650 3 _aTrombiculidae.
710 1 _aUnited States.
_bAgricultural Research Service.
_tChiggers; how to fight them.
830 0 _aHome and garden bulletin ;
_vno. 137.
999 _c12351
_d12351